15 ostatnich zwycięscy ligi mistrzów - Statystyki

Ogólne statystyki
  • Ten quiz został rozwiązany 48 razy
  • Średni wynik to 14 z 15
Statystyki odpowiedzi
rok klub % Poprawnych
2025 psg
100%
2024 real madryt
100%
2022 real madryt
100%
2018 real madryt
100%
2017 real madryt
100%
2016 real madryt
100%
2014 real madryt
100%
2020 bayern
93%
2013 bayern
93%
2021 chelsea
93%
2012 chelsea
93%
2019 liverpool
93%
2015 barcelona
90%
2011 barcelona
90%
2023 manchester city
88%
Nie znaleziono quizów pasujących do podanych kryteriów
Rozkład punktacji
Procent ludzi z każdym wynikiem
Percentyl według liczby udzielonych odpowiedzi
Twoja historia wyników
Nie rozwiązałeś tego quizu